New species of the genus Elphidium (Foraminifera) from the Sarmatian of the Eastern Slovakian Lowland

Bibliographic Details
Main Author: Zlinská, Adriena (Author)
Format: Article
Language:English
PhysicalDescription:Fotogr. 5, res. slov.
ISBN:ISSN 01397435
Subjects:

MARC

LEADER 00000nab a2200000 a 4500
001 vtls000574224
003 SK-MaSNL
005 20260319074535.0
008 160202c1993 xo 0 eng
015 |a SNBRA19rr/mm-uuuuu 
035 |a CL0574362 
040 |a SNKBUCL  |b slo  |c SNKBUCL  |e AACR2 
041 0 |a eng 
044 |a xo  |c SK 
080 |a 563.12(234.372.3)"6235":551.782.1(234.372.3)  |2 1981 
080 |a 551.782.1(234.372.3)  |2 1981 
100 1 |a Zlinská, Adriena  |4 aut  |9 10485 
245 1 0 |a New species of the genus Elphidium (Foraminifera) from the Sarmatian of the Eastern Slovakian Lowland  |c Adriena Zlinská 
300 |b Fotogr. 5, res. slov. 
650 0 7 |a Elphidium  |2 snkbucl  |9 993443 
650 0 7 |a sarmat  |2 snkbucl  |9 53491 
651 7 |a Východoslovenská nížina (Slovensko)  |2 snkbucl  |9 19595 
655 7 |a články zo zborníkov  |2 snkbucl  |9 166140 
773 0 |t Západné Karpaty. Séria paleontológia 17  |d Bratislava : Geologický ústav D. Štúra, 1993  |g S. 85-87  |z ISSN 01397435 
850 |a Slovenská národná knižnica v Martine  |a MTA001 
852 |a SNK  |b KIS3GCP 
958 |a RK 
958 |a SK 
992 |a RZB 
999 |c 1600575  |d 1602505